000 00698nam a2200289Ia 4500
005 20260324133158.0
008 008 260324s9999 xx 000 0 eng d
020 _a9781315194042
037 _aEBOOK
040 _aCRL
040 _beng
040 _cCRL
041 _2eng
041 _aeng
084 _qCRL
100 _aA. M. Garnham
_91192094
245 0 _aHans Keller and the BBC
245 4 _bThe Musical Conscience of British Broadcasting 1959-1979
260 _bTaylor and Francis
260 _c2003
365 _a
365 _b205
856 _uhttp://www.taylorfrancis.com/books/9781315194042
942 _cEBOOK
999 _c1790916
_d1790916